书目信息 |
| 题名: |
愚庵小集
|
|
| 作者: | 朱鹤龄 撰 | |
| 分册: | 下 | |
| 出版信息: | 上海 上海古籍出版社 1979.11 |
|
| 页数: | 全一册 | |
| 开本: | 19cm | |
| 丛书名: | 清人别集丛刊 | |
| 单 册: | ||
| 中图分类: | I214.92 | |
| 科图分类: | ||
| 主题词: | 文学--作品集--中国 | |
| 电子资源: | ||
| ISBN: | ||
| 000 | 00618nam0 2200229 45 | |
| 001 | 0212181026 | |
| 005 | 20060911102854.50 | |
| 010 | @dCNY2.80 | |
| 091 | @a10186.97 | |
| 100 | @a20021218d1979 km y0chiy0120 ea | |
| 101 | 0 | @achi |
| 105 | @a z 000zy | |
| 200 | 1 | @a愚庵小集@AYu An Xiao Ji@h下@f(清)朱鹤龄撰@F(Qing)Zhu He Ling Zhuan |
| 210 | @a上海@c上海古籍出版社@d1979.11 | |
| 215 | @a全一册@d19cm | |
| 225 | @a清人别集丛刊 | |
| 410 | @12001 @a清人别集丛刊 | |
| 606 | 0 | @a文学@x作品集@x中国 |
| 690 | @aI214.92@v3 | |
| 701 | 0 | @a朱鹤龄@4撰 |
| 801 | @aCN@bTSTC@c20060911 | |
| 905 | @dI214.12@e13:2@f1@b29066 | |
| 愚庵小集.下/(清)朱鹤龄撰.-上海:上海古籍出版社,1979.11 |
| 全一册;19cm.-(清人别集丛刊) |
| ISBN :CNY2.80 |
| ● |
| 相关链接 |
|
|
|
|
正题名:愚庵小集
索取号:I214.12/13:2
 
预约/预借
| 序号 | 登录号 | 条形码 | 馆藏地/架位号 | 状态 | 备注 |
| 1 | 0029066 | 001399695 | 第一样本阅览室/ [索取号:I214.12/13:2] | 在馆 | |
| 2 | 0029067 | 001740307 | 密集书库/ [索取号:I214.12/13:2] | 在馆 | |
| 3 | 0474509 | 204745099 | 密集书库/ [索取号:I214.12/13:2] | 在馆 |